| 000 | 00841nam a22002415i 4500 | ||
|---|---|---|---|
| 001 | 176333 | ||
| 003 | ES-MaACL | ||
| 005 | 20230906220041.0 | ||
| 008 | 110110s1976 sp |||| | spa d | ||
| 020 | _a84-277-0270-1 | ||
| 080 | _a821.112.5-31"19" | ||
| 100 | 1 |
_aRuyslinck, Ward. _9144635 |
|
| 245 | 1 | 0 |
_aAl margen de la vida / _cWard Ruyslinck ; estudio, notas y comentarios de texto por Micaela Misiego ; [traducción de Roser Misiego]. |
| 260 |
_aMadrid : _bNarcea, _cD. L. 1976. |
||
| 300 |
_a206 p. ; _c18 cm. |
||
| 490 | 1 |
_aBitácora. Biblioteca del estudiante ; _v49 |
|
| 504 | _aBibliografía: p. 58-62. | ||
| 700 | 1 |
_aMisiego, Miquela. _9144599 |
|
| 700 | 1 |
_aMisiego, Roser. _9144636 |
|
| 830 | 0 |
_aBitácora. Biblioteca del estudiante ; _v49 _9181903 |
|
| 852 |
_aES-MaACL _jE-13980 _xOlim P-1892 |
||
| 999 |
_c176333 _d176333 |
||